Geography Quiz

Random Geography or City Quiz

Americas' Populous Cities Quiz Stats

 Plays Quiz Updated Sep 18, 2019

Score 0/25 Timer 08:00
18 Plays Today
% Correct
2. New York City, USA
98.9%
4. Los Angeles, USA
95.9%
1. Mexico City, Mexico
91.4%
9. Chicago, USA
90.5%
16. Dallas-Ft Worth, USA
81.5%
17. Houston, USA
80.7%
18. Miami, USA
80.4%
11. San Francisco, USA
79.5%
6. Rio de Janeiro, Brazil
73.4%
14. Toronto, Canada
72.4%
12. Boston, USA
71.6%
25. Seattle, USA
71.4%
5. Buenos Aires, Argentina
69.8%
% Correct
10. Washington DC, USA
65.1%
7. Lima, Peru
64%
13. Philadelphia, USA
63.1%
24. Phoenix, USA
59.9%
19. Atlanta, USA
58.6%
3. São Paulo, Brazil
58.1%
15. Santiago, Chile
57.4%
20. Detroit, USA
57.3%
8. Bogotá, Colombia
55.6%
23. Monterrey, Mexico
25.6%
21. Guadalajara, Mexico
24%
22. Belo Horizonte, Brazil
13.1%

You're not logged in!

Compare scores with friends on all Sporcle quizzes.
OR
Log In

Sporcle TV

Today on Sporcle TV


Watch our educational content, quiz creation guides, and fun videos on Sporcle TV.

Show Comments

Extras

Top Quizzes Today


Score Distribution

Your Account Isn't Verified!

In order to create a playlist on Sporcle, you need to verify the email address you used during registration. Go to your Sporcle Settings to finish the process.

Report this User

Report this user for behavior that violates our Community Guidelines.

Details: